| 000 | 00623npc a2200217Ia 4500 | ||
|---|---|---|---|
| 001 | dg3-336 [d000000234] | ||
| 003 | IT-MiCISF | ||
| 008 | 161014s9999||||xx | und|| | ||
| 040 |
_aIT-MiCISF _cIT-MiCISF |
||
| 041 | _aen | ||
| 100 | _aAA.VV. | ||
| 240 | _aFuture Choices. Toward a National Youth Policy | ||
| 245 | 0 | _aFuture Choices. Toward a National Youth Policy | |
| 250 | _a1a ed. | ||
| 260 |
_a Washington _bYouth Policy Institute _c1989 |
||
| 300 | _ap. 96 | ||
| 500 | _a / politica-giovanile, scuola, abitazione, lavoro / | ||
| 650 | _aetà -evolutiva | ||
| 942 | _cDD | ||
| 957 | _71 | ||
| 999 |
_a336 _bsi _g1 _c207628 _d207628 |
||